Michelle - The Beatles (All Lyrics) - Statistics

General Stats
  • This quiz has been taken 114 times
    98 since last reset
  • The average score is 130 of 163
Answer Stats
Lyrics % Correct
michelle,
100%
michelle
100%
my
98%
a
97%
belle
95%
are
94%
to
94%
to,
94%
I
92%
the
92%
you,
92%
you
92%
so
91%
these
91%
go
89%
love
89%
that
89%
well
89%
words
89%
ma
88%
together
88%
by
86%
need
82%
understand
80%
bien
75%
know
75%
say
75%
très
75%
you'll
75%
me
74%
want
74%
ensemble
72%
what
72%
only
71%
all
69%
that's
69%
will
69%
do
68%
qui
68%
until
68%
i'll
65%
i'm
65%
sont
65%
way
65%
find
63%
mean
63%
now
63%
get
62%
make
62%
see
62%
mots
60%
oh,
58%
vont
58%
think
55%
somehow
54%
telling
54%
hoping
52%
and
48%
les
43%
No matching quizzes found
Score Distribution
Percent of People with Each Score
Percentile by Number Answered
Your Score History
You have not taken this quiz since the last reset